The Americas (except US) Geography by Letter - M - Statistics

General Stats
  • This quiz has been taken 895 times
    892 since last reset
  • The average score is 7 of 13
Answer Stats
Hint Answer % Correct
Capital of Uruguay Montevideo
95%
Largest city in Quebec and second largest in Canada Montreal
93%
Canadian province Manitoba
85%
Country and Capital City Mexico
85%
Capital of Nicaragua Managua
80%
Home of Escobar and his cartel Medellin
61%
Crop first domesticated in Mesoamerica Maize
58%
Largest city in the Amazon Manaus
54%
St Pierre and _____________ Miquelon
34%
Second largest city in Venezuela Maracaibo
31%
Spanish for mixed race Mestizo
31%
Longest river system in Canada and second largest in North America Mackenzie
26%
In Canada, this French term for mixed race is used to refer to a First Nation Metis
14%
No matching quizzes found
Score Distribution
Percent of People with Each Score
Percentile by Number Answered
Your Score History
You have not taken this quiz since the last reset